ՀՀ Գիտությունների ազգային ակադեմիայի հիմնարար գիտական գրադարան  =   Fundamental Scientific Library of NAS RA

Ассирия / (Record no. 330388)

MARC details
000 -LEADER
fixed length control field 00487nam a2200181 a 4500
001 - CONTROL NUMBER
control field 000998078
003 - CONTROL NUMBER IDENTIFIER
control field AM-YeHGA
005 - DATE AND TIME OF LATEST TRANSACTION
control field 20250617150416.0
008 - FIXED-LENGTH DATA ELEMENTS--GENERAL INFORMATION
fixed length control field 140114s1916 ru a r 000 0 rus d
040 ## - CATALOGING SOURCE
Original cataloging agency AM-YeHGA
041 0# - LANGUAGE CODE
Language code of text/sound track or separate title rus
090 ## - LOCALLY ASSIGNED LC-TYPE CALL NUMBER (OCLC); LOCAL CALL NUMBER (RLIN)
-- 332146
100 1# - MAIN ENTRY--PERSONAL NAME
Personal name Масперо, Гастон
245 10 - TITLE STATEMENT
Title Ассирия /
Statement of responsibility, etc. Г. Масперо.
260 ## - PUBLICATION, DISTRIBUTION, ETC.
Place of publication, distribution, etc. Москва :
Name of publisher, distributor, etc. М. и С. Сабашниковы,
Date of publication, distribution, etc. 1916.
300 ## - PHYSICAL DESCRIPTION
Extent 295 с. :
Other physical details ил.
651 #4 - SUBJECT ADDED ENTRY--GEOGRAPHIC NAME
Geographic name Ассирия
Holdings
Withdrawn status Lost status Source of classification or shelving scheme Damaged status Not for loan Collection Home library Current library Date acquired Total checkouts Full call number Barcode Date last seen Price effective from Koha item type Public note
    Universal Decimal Classification     General Fundamental Scientific Library Fundamental Scientific Library 09/01/2017   PII/483048 FL0278044 09/01/2017 09/01/2017 Գրքեր / Books 30 Days Loan
    Universal Decimal Classification     General Fundamental Scientific Library Fundamental Scientific Library 27/09/2019   PII/17432 FL0601381 27/09/2019 27/09/2019 Գրքեր / Books 30 Days Loan


ՀՀ ԳԱԱ հիմնարար գիտական գրադարան
ՀՀ,Երևան 0019
Մարշալ Բաղրամյան 24/6
հեռախոս:(374-10) 52-47-50
Հետադարձ կապ

All site content, except where otherwise noted, is licensed under a
Creative Commons License